00508 2200193 4500001002100000005001500021035002000036245004700056100002500103250001100128300002200139260004000161082000800201084001400209020002200223650001400245008004100259990001400300INLIS00000000000204520260428085732 a0010-04260000441 aTaksonomi Berpikir /cWowo Sunaryo Kusnawa0 aWowo Sunaryo Kusnawa aCet II a315 hlm ;c24 cm. aBandung :bRemaja Rosdakarya,c2013 a155 a155 WOW t a978-979-692-071-6 4aPsikologi260428 0 ind  a201700253